[Event "St Petersburg-ch op"]
[Site "St Petersburg"]
[Date "1992.??.??"]
[Round "?"]
[White "Novik, Maxim"]
[Black "Gubanov, Anton"]
[Result "1-0"]
[WhiteElo "2420"]
[BlackElo "2375"]
[PlyCount "55"]
[EventDate "1992.??.??"]
[EventType "swiss"]
[EventRounds "11"]
[EventCountry "RUS"]
[SourceTitle "CBM 028 Extra"]
[Source "ChessBase"]
[SourceDate "1992.07.01"]
[SourceVersion "1"]
[SourceVersionDate "1992.07.01"]
[SourceQuality "1"]

1. e4 d6 2. d4 Nf6 3. Nc3 g6 4. f4 Bg7 5. Nf3 c5 6. dxc5 Qa5 7. Bd3 Qxc5 8. Qe2 0-0 9. Be3 Qa5 10. 0-0 Bg4 11. Qe1 Nfd7 12. Nd5 Qd8 13. Qh4 Bxf3 14. Rxf3 Re8 15. f5 Nc6 16. fxg6 fxg6 17. Rh3 Nf8 18. Rf1 h5 19. Bg5 Qd7 20. Bb5 e6 21. Bxc6 bxc6 22. Ne7+ Rxe7 23. Bxe7 Bd4+ 24. Kh1 Bxb2 25. c3 e5 26. Bxf8 Qe6 27. Qe7 Qxe7 28. Bxe7 1-0